Estudio sobre el estado del arte de la investigación acerca de la formación docente en los noventa /
| Auteur principal: | |
|---|---|
| Format: | Livre |
| Langue: | espagnol |
| Publié: |
México :
OEI,
1998
|
| Sujets: |
MARC
| LEADER | 00000nam a2200000Ia 4500 | ||
|---|---|---|---|
| 008 | 180706b199 mx ||||| |||| 00| | spa d | ||
| 999 | |c 2027 |d 2027 | ||
| 090 | |a 06.06.02 |b 931 | ||
| 100 | |a Messina, Graciela |9 2201 | ||
| 245 | 1 | 0 | |a Estudio sobre el estado del arte de la investigación acerca de la formación docente en los noventa / |c Gabriela Messina |
| 260 | |a México : |b OEI, |c 1998 | ||
| 300 | |a 58 páginas | ||
| 650 | 1 | 4 | |a FORMACIÓN DE DOCENTES |9 9 |
| 650 | 1 | 4 | |a INVESTIGACIÓN |9 163 |
| 942 | |i 001545 |h 06.06.02 931 |2 z |c 01 | ||
